000 00323 a2200145 4500
001 181685
020 _a
040 _cMagnum
100 _aPires, Celia
240 1 0 _aMatematica no planeta azul/v.1
_lpor
245 1 0 _aMatematica no planeta azul/v.1
362 0 _a1899
697 _aMAGNITO: PARADIDATICO
942 _cBK
999 _c181685
_d181685